Movies Quiz

Random Movies Quiz

Cyclical Movie Connections Quiz Stats

 Plays Quiz not verified by Sporcle

Challenge
Share
Tweet
Embed
Score 0/9 Timer 04:00
0 Plays Today
Hint Answer/Hint % Correct
...who played 'Polly' with this comedy actorBen Stiller
90.2%
...who starred in 2002 comedy drama with this 'friend'Jennifer Aniston
89%
...who took to the catwalk with this actor in a 2001 comedyOwen Wilson
86.6%
Sunnydale heroine actressSarah Michelle Gellar
79.3%
...who played an evil manipulator alongside this actressSarah Michelle Gellar
79.3%
...who dated this Donnie Darko actorJake Gyllenhaal
72%
...co-starred in Cruel Intentions with..Reese Witherspoon
69.5%
...who was an unwelcome guest in a movie co-starring this actorMatt Dillon
54.9%
...who played a racist cop whose partner was played by this actorRyan Phillippe
50%

You're not logged in!

Compare scores with friends on all Sporcle quizzes.
OR
Log In

You Might Also Like...

Show Comments

Extras

Created Jun 3, 2010ReportNominate
Tags:connection

Top Quizzes Today


Score Distribution

Your Account Isn't Verified!

In order to create a playlist on Sporcle, you need to verify the email address you used during registration. Go to your Sporcle Settings to finish the process.

Report this User

Report this user for behavior that violates our Community Guidelines.

Details: